000 00704nam a2200253Ia 4500
003 OSt
005 20220912150336.0
006 a|||||r|||| 00| 0
007 ta
008 220909b |||||||| |||| 00| 0 eng d
024 _a50679
037 _cTextual
040 _aCSL
_beng
_cCSL
041 _aeng
082 _aI,11:6, M7
100 _aConstabel Fridrich Ed.
245 0 _aCell structure and somatic cell genetics of plants
260 _aSan Diego
_bAcademic Press
_c1987
300 _axvi,314p.
_ccm.
650 _aPlant Cytology
700 _a Vasil Indra K Ed.
942 _hI,11:6, M7
_cTEXL
_2CC
999 _c45325
_d45325